<?xml version="1.0" encoding="UTF-8"?>
<record
    xmlns:xsi="http://www.w3.org/2001/XMLSchema-instance"
    xsi:schemaLocation="http://www.loc.gov/MARC21/slim http://www.loc.gov/standards/marcxml/schema/MARC21slim.xsd"
    xmlns="http://www.loc.gov/MARC21/slim">

  <leader>00899nam a2200193 a 4500</leader>
  <controlfield tag="001">14354</controlfield>
  <controlfield tag="003">CO-ViMGA</controlfield>
  <controlfield tag="008">141112s2004    ck      r     000 u spa d</controlfield>
  <datafield tag="040" ind1=" " ind2=" ">
    <subfield code="a">CO-ViMGA</subfield>
    <subfield code="b">spa</subfield>
    <subfield code="c">CO-ViMGA</subfield>
  </datafield>
  <datafield tag="082" ind1="0" ind2="4">
    <subfield code="a">R155.4 P331p</subfield>
  </datafield>
  <datafield tag="245" ind1="1" ind2="0">
    <subfield code="a">Pedagogia y psicologia infantil</subfield>
  </datafield>
  <datafield tag="260" ind1=" " ind2=" ">
    <subfield code="a">Madrid : </subfield>
    <subfield code="b">Cultural S.A., </subfield>
    <subfield code="c">1998</subfield>
  </datafield>
  <datafield tag="300" ind1=" " ind2=" ">
    <subfield code="a">4 VOL.</subfield>
  </datafield>
  <datafield tag="490" ind1=" " ind2=" ">
    <subfield code="a">Biblioteca practica para padres y educadores</subfield>
  </datafield>
  <datafield tag="505" ind1=" " ind2=" ">
    <subfield code="a">VOL - (I) : 1 - La gestaci&#xF3;n - el parto - y el periodo neonatal.2 - El primer a&#xF1;o del ni&#xF1;o VOL(II) : 3 - El ni&#xF1;o de un a&#xF1;o.4 - El ni&#xF1;o de 2 a&#xF1;os.5 - El ni&#xF1;o de 3 y 4 a&#xF1;os. VOL(III) : 6 - El ni&#xF1;o de 5 y 6 a&#xF1;os.7 - El ni&#xF1;o de 7 y 8 a&#xF1;os.8 - El ni&#xF1;o de 9 y 10 a&#xF1;os. VOL(IV) : 9 - El ni&#xF1;o de 11 y 12 a&#xF1;os.10 - El ni&#xF1;o de 13 y 14 a&#xF1;os.11 - El adolescente de 15 y 16 a&#xF1;os.</subfield>
  </datafield>
  <datafield tag="650" ind1="1" ind2="4">
    <subfield code="a">PEDAGOGIA</subfield>
    <subfield code="9">21027</subfield>
  </datafield>
  <datafield tag="650" ind1="1" ind2="4">
    <subfield code="a">PSICOLOGIA INFANTIL</subfield>
    <subfield code="9">1631</subfield>
  </datafield>
  <datafield tag="942" ind1=" " ind2=" ">
    <subfield code="2">ddc</subfield>
    <subfield code="c">BK</subfield>
  </datafield>
  <datafield tag="999" ind1=" " ind2=" ">
    <subfield code="c">25034</subfield>
    <subfield code="d">25034</subfield>
  </datafield>
</record>
